US States by Category #1 - Statistics

General Stats
  • This quiz has been taken 41 times
  • The average score is 49 of 60
Answer Stats
Category Answer Hint % Correct
Driest Arizona 12.6
100%
Oil Production New Mexico 579,837
100%
Most Dangerous New Mexico 100.00
100%
Driest New Mexico 14.0
100%
Lowest Income New Mexico 59,726
100%
Oil Production Texas 1,846,806
100%
Most Populated Texas 30,029,572
100%
Most Populated Florida 22,244,823
97%
Most Populated New York 19,677,151
97%
Oil Production Alaska 159,611
94%
Most Dangerous Alaska 82.71
94%
Oil Production California 124,727
91%
Most Populated California 39,029,342
91%
Most Dangerous California 88.92
91%
Driest California 22.4
91%
Most Innovative California 65.63
91%
Lowest Income Mississippi 52,719
91%
Most Populated Ohio 11,756,058
91%
Most Populated Georgia 10,912,876
88%
Oil Production Louisiana 36,493
88%
Most Dangerous Louisiana 94.51
88%
Lowest Income Louisiana 55,416
88%
Most Innovative Washington 66.36
88%
Lowest Income Alabama 59,674
82%
Oil Production Oklahoma 151,537
82%
Lowest Income Oklahoma 59,673
82%
Most Dangerous Arkansas 95.13
79%
Lowest Income Arkansas 55,432
79%
Oil Production Colorado 160,349
79%
Most Dangerous Colorado 92.65
79%
Driest Colorado 18.1
79%
Most Innovative Colorado 63.93
79%
Most Dangerous Nevada 82.92
79%
Driest Nevada 10.3
79%
Oil Production Utah 45,251
79%
Driest Utah 13.6
79%
Most Innovative Utah 53.66
79%
Most Innovative Massachusetts 69.93
76%
Most Populated Michigan 10,034,113
76%
Most Populated North Carolina 10,698,973
76%
Oil Production North Dakota 386,203
76%
Driest North Dakota 17.3
76%
Driest South Dakota 19.1
76%
Most Populated Illinois 12,582,032
74%
Lowest Income Kentucky 59,341
74%
Driest Montana 18.7
74%
Most Dangerous South Carolina 84.06
74%
Lowest Income South Carolina 64,115
74%
Most Innovative New Jersey 53.20
71%
Most Populated Pennsylvania 12,972,008
71%
Most Dangerous Tennessee 87.37
71%
Most Innovative Virginia 59.86
65%
Oil Production Wyoming 90,906
65%
Driest Wyoming 15.9
65%
Most Dangerous Missouri 84.16
62%
Lowest Income Missouri 64,811
62%
Most Innovative Maryland 62.41
59%
Most Innovative District of Columbia 71.65
56%
Most Innovative Delaware 54.58
53%
Lowest Income West Virginia 54,329
47%
No matching quizzes found
Score Distribution
Percent of People with Each Score
Percentile by Number Answered
Your Score History
You have not taken this quiz